00619 a2200181 450000100060000002000180000604000220002410000180004624000450006424500400010930000070014936200090015665000350016594200070020095201160020795200970032399900170042061892 a9780194233972 cAnchieta - Pituba aViney, Brigit10aThe history of the english languagelpor10aThe history of the english language a880 a2008 4aLiteratura juvenil em inglês cBK 00104070a91.1b91.1d2023-11-21l0oLJ 028.573 V783h VIN HISp14209/PITr2023-11-21 18:30:10w2023-11-21yBK 00104070a80.1b80.1d2024-02-09l0oH3 - VINpA23159r2024-02-09 21:24:24w2024-02-09yBK c61892d61892